=LDR 00000nam 2200000 4500 =001 INLIS000000000016397 =005 20130612111703 =008 ***********************************Ind** =035 ##$$0010-061300000016397 =041 ##$$a Ind =082 ##$$a 582.13 =090 ##$$a 582.13, Ric b =100 ##$$a Richardson, Joy =245 ##$$a Bunga, Joy Richerdson ; alih bahasa, Esther S. Mandjani, editor ; Dr. Lyndon Saputra =260 ##$$a 1998 $b Jakarta =300 ##$$a 28 hlm, ilus, 23 cm =650 ##$$a Bunga =700 ##$$a Manjani, Esthers =850 ##$$a NBPNMAT